| 000 | 01866nam0a22003251 4500 | ||
|---|---|---|---|
| 001 | v19\rc\1807622 | ||
| 005 | 20260407122227.0 | ||
| 035 | _a(NLR Aleph) 004908189 | ||
| 090 |
_a5448694 _c5448694 |
||
| 100 | _a20071224d1906 |||y0rusy50 ca | ||
| 101 | 0 | _arus | |
| 102 | _aRU | ||
| 105 | _ay z ||||| | ||
| 200 | 1 |
_aЗаконы 15 ноября об обеспечении нормального отдыха служащих в торговых заведениях, складах и конторах и в ремесленных заведениях _eС постатейным объясн., извлеч. из представления по сему вопросу М-ва торг. и пром-сти в Совет министров и из трудов бывшего при М-ве фин. Особого совещ. по тому же вопросу под председательством т. с. В.И. Тимирязева _fСовет съездов представителей пром-сти и торговли |
|
| 205 | _aНеофиц. изд. | ||
| 210 |
_aСанкт-Петербург _cтипо-лит. "Якорь" _d1906 |
||
| 215 |
_a46 с. _d24 |
||
| 532 | 1 | 1 | _aЗаконы пятнадцатого ноября об обеспечении нормального отдыха служащих в торговых заведениях, складах и конторах и в ремесленных заведениях |
| 740 | 1 |
_aРоссия _tЗаконы и постановления _3RU\NLR\AUTH\889957980 _9412049 |
|
| 801 | 0 |
_aRU _bNLR _gpsbo |
|
| 801 | 0 |
_aRU _bRuMoRGB _2psbo |
|
| 801 | 1 |
_aRU _bProSoft-M _2rusmarc |
|
| 852 |
_aNLR _j37.72.6.37 |
||
| 899 |
_aRuMoRGB _jM 135/1393 |
||
| 899 |
_aRuMoRGB _jU 272/655 |
||
| 899 | _aНБ СПбГУ | ||
| 899 | _aГПИБ | ||
| 899 | _aНБ МГУ | ||
| 942 | _cBOOK | ||
| 980 | _aNB | ||